000 00823nab a2200253 u 4500
001 14595
003 HDC
007 cr bn ---aaaaa
008 210215c mydr|nes 0 a may d
040 _aHDC
100 _aAbdul Razak Din
_eauthor
_915094
245 0 _a¬Felda, FGV jadi tumpuan angkara politik /
_cby Abdul Razak Din
260 _aMalaysia:
_bUtusan Malaysia,
_c2015
336 _atext
_2rdacontent
337 _acomputer
_2rdamedia
338 _aonline resource
_2rdacarrier
650 _aagriculture
_91238
650 _aeconomy
_91877
710 _aUtusan Malaysia
856 _zRequest full-text at [email protected]
942 _2lcc
942 _cNEWS
942 _kNSWC 004634
999 _c11911
_d11911